000 01309nam a2200133Ia 4500
008 220620s9999||||xx |||||||||||||| ||und||
020 _a9783040000000
245 0 _aBioactive Natural Products from the Red Sea
546 _aEnglish[eng]
650 _aAspergillus falconensis||OSMAC||azaphilones||X-ray diffraction||NF-κB inhibition||LC-HRESIMS||Stylissa carteri||ceramide||cerebroside||docking||cytotoxic activity||co-cultivation||phenazine||sponge-associated actinomycetes||antibacterial||antibiofilm||DNA gyrase||pyruvate kinase||ergosterol derivative||metabolic analysis||docking studies||seagrass||Thalassodendron ciliatum||Red Sea sponges||marine actinomycetes||Streptomyces coelicolor LY001||halogenated 3-phenylpropanoic acid derivatives||diketopiperazine alkaloids||structural determinations||antimicrobial activities||Red Sea||marine natural products||marine organisms||biodiversity||marine metagenomics||bioactivity||Sinularia polydactyla||soft coral||steroids||cytotoxic||anti-inflammatory||neuroprotective||androgen receptor||Actinokineospora||Rhodococcus||co-culture||metabolomics||antimalarial||epicotripeptin||phragamide||Epicoccum||Alternaria||antimicrobial||n/a
700 _aRateb, Mostafa||Abdelmohsen, Usama Ramadan
856 _uhttps://mdpi.com/books/pdfview/book/4235
942 _cEB
999 _c26789
_d26789